Słowo | Język | % Poprawnych |
---|---|---|
חתול | hebrajski | 52%
|
—•— ——— — | Morse'a | 42%
|
pisică | rumuński | 38%
|
мысық | kazachski | 29%
|
cattus | łaciński | 25%
|
katė | litewski | 21%
|
kissa | fiński | 17%
|
बिरालो | nepalski | 12%
|
پیشو | paszto | 8%
|
పిల్లి | telugu | 8%
|
mphaka | njandża | 0%
|
Prawa autorskie należą do H Brothers Inc., 2008–2024
Kontakt | Przewiń w górę | Wersja na telefon